| 000 | 00333nam a22001337a 4500 | ||
|---|---|---|---|
| 020 | _a0-471-23463-X | ||
| 082 | _a530 EIS | ||
| 100 |
_aEISBERG, ROBERT MARTIN _978523 |
||
| 245 | _aFUNDAMENTALS OF MODERN PHYSICS | ||
| 260 |
_aUSA _bJOHN WILEY _c1961 |
||
| 300 | _aXIII,729P | ||
| 650 |
_aMODERN PHYSICS.PHYSICS _978524 |
||
| 942 | _cBK | ||
| 999 |
_c583634 _d583634 |
||